| LEADER : 00000nas 2200000uu 4500 |
| 001 13399127612 |
| 003 ULIB |
| 008 210308s||||||||th 000 0 tha d |
| 022 0 ^a24081280
|
| 245 00 ^aวารสารการปฏิบัติการพยาบาลและการผดุงครรภ์ไทย = Thai Journal of Nursing and Midwifery Practice/^cสมาคมผู้ปฏิบัติการพยาบาลขั้นสูง(ประเทศไทย)
|
| 310 ^aราย 6 เดือน |
| 850 ^a ULIB^bปีที่ 7 ฉบับที่ 2 ฉ.1 ;ปีที่ 8 ฉบับที่ 1 ฉ.1 ;ปีที่ 8 ฉบับที่ 2 ฉ.1 ;ปีที่ 9 ฉบับที่ 1 ฉ.1 ;ปีที่ 9 ฉบับที่ 2 ฉ.1
|
| 945 ^p0^l0^i905671
|
| 945 ^p0^l0^i905785
|
| 945 ^p0^l0^i905931
|
| 945 ^p0^l0^i906301
|
| 945 ^p0^l0^i906302 |
| 999 ^aประนอม เกษจรัล
|